000 00301nam a22001337a 4500
008 170926b xxu||||| |||| 00| 0 eng d
020 _a9780618303953
041 _aeng
080 _a37
100 _a46
101 _aEDU
245 _aGRAMMAR USAGE AND MECHANICS BOOK
_cLITLE,M
942 _2udc
_cBK
999 _c30046
_d30046